Statistiques concernant L'alphabet militaire

Cliquez ici pour prendre le quiz!

Statistiques générales

  • Ce quiz a été pris 54 405 fois
    (53 514 depuis la dernière actualisation)
  • Le résultat moyen est 12 sur 26

Statistiques - réponses

LettreCode Armée% Correct
AAlpha
98%
CCharlie
87%
DDelta
82%
BBravo
72%
TTango
67%
EEcho
54%
ZZulu
51%
FFoxtrot
50%
PPapa
50%
KKilo
43%
RRomeo
43%
LLima
42%
HHotel
41%
IIndia
41%
JJuliet
40%
GGolf
39%
XX-Ray
38%
WWhiskey
37%
SSierra
37%
OOscar
36%
YYankee
35%
QQuebec
34%
NNovember
33%
UUniform
31%
VVictor
30%
MMike
30%

Distribution des résultats

Percentile par nombre de réponses

% des personnes avec chaque résultat

Votre développement - résultats

Vous n’avez pas pris ce quiz depuis la dernière actualisation